02980cam a22011054i 4500003000900000005001700009008004100026020001500067035002700082040003300109082002000142100002700162245007200189264004200261300004500303336002100348337002500369338002300394504002800417505074600445526000901191526000901200526000901209526000901218526000901227526000901236526000901245526000901254526000901263526000901272526000901281526000901290526000901299526000901308526000901317526000901326526000901335526000901344526000901353526000901362526000901371526000901380526000901389526000901398526000901407526000901416526000901425526000901434526000901443526000901452526000901461526000901470526000901479526000901488526000901497526000901506526000901515526000801524526000801532526000801540526000801548526000801556526000801564526000801572526000801580526000801588526000801596526000801604526000801612526000801620526000801628526000801636526000801644526000801652526000801660526000801668526000801676526000801684526000801692526000801700526000801708526000801716526000801724526000801732526000801740526000801748526000801756526000801764526000801772526000801780526000801788526000801796650004901804700002101853PE-LiUPU20250813185307.0150617s r 000 0 d a0829803580 a(Sirsi) i9780829803587 aPE-LiUPUbspacPE-LiUPUerda04a301.58bH672211 aHoge, Dean R.,eautor.10aUnderstanding Church Growth and decline: 1950-1978 /cDean R. Hoge. 1aNew York :bThe Pilgrim Press,c1979. a398 páginas :bil. ;c23 centímetros atext2rdacontent aunmediated2rdamedia avolume2rdacarrier aIncluye bibliografía.0 aRecent trends in church Membership and participation: An introduction. -Research on factors influencing church commitment. -Church Growth and decline in historical perspective: protestant quest for identity, leadership, and meaning. -National contextual factors influencing church trends. -The efficacy of demographic theories of religious change: Protestant church Attendance, 1952-68. -Comparison of trends in ten denominations, 1950-75. -An Examination of the Statistical Growth of the Souther Baptist Convention. -A test of theories of denominational Growth and decline. -Factors producing Growth or decline in united presbyterian congregations. -Performance of united church of christ congregations in Massachusetts and in Pennsylvania. aP202 aP201 aP163 aP162 aP161 aP160 aP148 aP147 aP146 aP145 aP144 aP143 aP142 aP141 aP140 aP139 aP138 aP137 aP136 aP135 aP134 aP133 aP129 aP128 aP127 aP120 aP119 aP118 aP116 aP115 aP114 aP110 aP109 aP108 aP104 aP103 aP102 aP99 aP98 aP97 aP96 aP95 aP93 aP90 aP89 aP88 aP83 aP82 aP62 aP59 aP58 aP57 aP51 aP49 aP48 aP47 aP29 aP24 aP20 aP19 aP17 aP15 aP14 aP12 aP10 aP09 aP08 aP07 aP06 aP05 aP04 aP0104aCrecimiento de iglesiaxHistoriay1950-1978.1 aDavid A. Roozen.